Eurovision 2026 - Songs (Hard) - Statistics

General Stats
  • This quiz has been taken 204 times
  • The average score is 16 of 35
Answer Stats
Hint Answer % Correct
With a slice of pepperoni United Kingdom
73%
Hunde müssen draußen bleiben Austria
72%
Salute a tutti Moldova
72%
Não há preço p'ra esta calma Portugal
72%
Men please sig den her aften aldrig vil ende Denmark
70%
Non ha senso vivere Italy
68%
Në korridor ecin me vrap Albania
67%
Dans ma poitrine, tu rythmes mon pouls France
67%
Int Jean la Valette Malta
59%
The spark between us wrote the plot for us Estonia
54%
Free coffee won't keep me here man Armenia
52%
Like a vampire, you hide Germany
52%
Meitiņ klusē, veļu necilā Latvia
51%
And don't you ever betray me Romania
50%
I'll erase you from my soul Azerbaijan
46%
Oh dear lord Finland
46%
Man cannot change Czechia
42%
Zašto me gledaš s visine Serbia
42%
I just need to fix myself for real Sweden
41%
I got no self-control Norway
40%
I'm a mover for freedom Bulgaria
38%
Forever's just begun Australia
37%
Zašto se piše povijest ispočetka Croatia
36%
Let's dance the night away Cyprus
36%
Ich will einfach mehr Lithuania
33%
Sve što vodi do tebe, sam srušila Montenegro
33%
The light in my life has vanished Switzerland
33%
Trapped in your carousel Israel
29%
We rise and fall and riѕe again Georgia
28%
Je veux le sommet, pas juste un pas Greece
28%
Nothing is safe Ukraine
28%
But all good things can end Luxembourg
26%
Thought you would forgive my sins Poland
26%
Gotta keep going on the track Belgium
25%
They've never seen perfection like this before San Marino
20%
No matching quizzes found
Score Distribution
Percent of People with Each Score
Percentile by Number Answered
Your Score History
You have not taken this quiz